The UK's 50 Most Popular Restaurants - Statistics

General Stats
  • This quiz has been taken 51 times
  • The average score is 14 of 50
Answer Stats
Hint Clue Answer % Correct
2 Burger and Fries McDonald's
95%
5 Chicken KFC
88%
13 Coffee Starbucks
85%
1 Bakery Greggs
83%
4 Sandwiches Subway
78%
14 Burger and Fries Burger King
73%
17 Italian Pizza Hut
73%
3 Italian Pizza Express
68%
9 Portuguese Nando's
63%
7 Coffee Costa Coffee
56%
10 Coffee Caffe Nero
54%
31 Bakery Pret a Manger
46%
12 Carvery Toby Carvery
44%
18 Italian-American Frankie & Benny's
37%
20 Asian Wagamama
37%
42 Sushi Yo! Sushi
32%
16 Fish and Chips Harry Ramsden's
29%
27 Italian Prezzo
29%
29 American Five Guys
27%
11 Dessert Krispy Kreme
27%
30 Italian Papa John's
27%
26 Italian Bella Italia
24%
32 Italian Zizzi's
22%
36 Italian Ask
20%
15 Cheap Pints Harvester
20%
6 Cheap Pints J D Wetherspoon
20%
38 Steak Miller & Carter
17%
22 American TGI Friday's
17%
23 Burger and Fries Wimpy
17%
50 French Cote
15%
34 Cookies Millie's Cookies
15%
8 Italian Domino's Pizza
12%
35 Fast food Little Chef
12%
46 Japanese Wasabi
12%
33 Pub Hungry Horse
10%
41 Mexican Las Iguanas
10%
25 Pub Slug and Lettuce
10%
37 Bar All Bar One
7%
24 Pub Brewer's Fayre
7%
48 Asian Itsu
7%
28 Steak Aberdeen Angus Steakhouse
5%
43 Burgers Gourmet Burger Kitchen
5%
21 Cafe Hard Rock Cafe
5%
19 Beef Beefeater Grill
2%
44 Steak Flaming Grill
2%
45 Bakery Upper Crust
2%
39 Pasties West Cornwall Pasty Co
2%
49 Italian Jamie's Italian
0%
47 Bakery Patisserie Valerie
0%
40 American Planet Hollywood
0%
No matching quizzes found
Score Distribution
Percent of People with Each Score
Percentile by Number Answered
Your Score History
You have not taken this quiz